| 000 | 00877nam a2200253Ia 4500 | ||
|---|---|---|---|
| 003 | OSt | ||
| 005 | 20221005113503.0 | ||
| 006 | a|||||r|||| 00| 0 | ||
| 007 | ta | ||
| 008 | 221004b |||||||| |||| 00| 0 pan d | ||
| 020 | _c125 | ||
| 024 | _a15253 | ||
| 037 |
_b885, 08/09/2014, H.K. Prakashan _cTextual |
||
| 040 |
_aCRL _cCRL _bpan |
||
| 041 |
_2pan _apan |
||
| 082 | _aOxk, 153Q4 | ||
| 100 | _aਮਿਨਹਾਸ, ਕੁਲਵਿੰਦਰ ਕੌਰ | ||
| 245 | 0 | _aਅਨਮੋਲ ਮਣਕਿਆਂ ਦੀ ਮਾਲਾ | |
| 260 |
_aਲੁਧਿਆਣਾ _bਲਾਹੌਰ ਬੁਕ Fਾਪ ਭਾਰਤ _c2014 |
||
| 300 |
_a136ਪੰ _ccm. |
||
| 650 | _aਪੰਜਾਬੀ ਸਾਹਿਤ | ||
| 942 |
_hOxk, 153Q4 _cTEXL _2cc |
||
| 999 |
_c1028349 _d1028349 |
||